000
00351nam a2200133Ia 4500
003
GCL
008
140319s9999 xx 000 0 ara d
040
_a
GCL /
_c
GCL
082
0
4
_a
172.1
_b
ر س
245
1
0
_a
السلطة الفرد
260
_a
[S.N] :
_b
الهيئة المصرية العامة للكتاب ،
_c
1994
300
_a
118 ص
490
_a
999
_c
35447
_d
35447